000 00616nam a2200205Ia 4500
001 1593
003 GE_BSU
008 181216s||||||||xx |||||||||||||| ||und||
040 _cGE_BSU
080 _a681.2(075.8)
100 _aНовицкий,П.В. Зограф,И.А.
245 _aОценка погрешностей результатов измерении.
260 _aЛ.
260 _bЭнергоатомиздат.
260 _c1985
300 _a247 стр. 21см.
541 _h8л.
653 _aОценка погрешностей результатов измерении.
942 _cBK
999 _c35720
_d35720